00730nam a2200193 a 450000100100000000500170001000800410002702000180006804000250008608200200011110000500013124500820018126000620026330000210032550000640034650000760041065000240048665000260051000004230520240417100501.0131122s2013 dr 000 p spa d a9789945009125 aDO-SdBNPbspacBNPHU aRD861.44bV763c1 aVilstle Vilss, Hidoumouchtte Jouffourvc1962-10aCotopol :by otros poemas 2000-2007 /cHidoumouchtte Jouffourv Vilstle Vilss. aMonseñor Nouel, Bonao :bFull Color Econocopias,c2013. a128 p. ;c21 cm. aLa biblioteca posee 3 ejemplares autografiados por el autor aIncluye datos biográficos del autor en la solapa de la contracubierta 0aPoesía dominicana 0aLiteratura dominicana